Nombre de estaciones del Metro de Barcelona - ¡Muerte súbita! - Estadísticas

Estadísticas generales
  • Esta prueba ha sido intentada 498 veces
  • La puntuación promedio es 12 de 21
Answers on the Grid
Answers color-coded by a green-red scale on the quiz's grid according to % correct below.
Universitat
tarragona
Jaume I
Les Tres Torres
Girona
Encants
Vallcarca
Verneda
Llacuna
Sant Roc
Parc Nou
Urgell
Pronvença
Monumental
Bogatell
Mercat Nou
La Bonanova
El Carmel
Canyelles
Montbau
Alameda
Ayora
Sagunt
Primat Reig
Av. del Cid
Patraix
Machado
Camp Nou
Sant Joan
Torrent
Onze de Setembre
La Granja
 
Estadísticas de respuestas
Respuesta % Correcto
Universitat
72%
Urgell
70%
Girona
63%
Jaume I
63%
El Carmel
61%
Vallcarca
61%
Bogatell
60%
Encants
58%
Canyelles
57%
Mercat Nou
57%
Pronvença
57%
tarragona
55%
Les Tres Torres
54%
Monumental
54%
Montbau
53%
Llacuna
51%
Onze de Setembre
51%
La Bonanova
50%
Parc Nou
50%
Verneda
49%
Sant Roc
47%
No se encontraron pruebas coincidentes
Distribución de puntuación
Porcentaje de gente con cada puntuación
Porcentaje por número respondido
Historial de tus puntuaciones
No has intentado esta prueba.